000 00336nam a2200133Ia 4500
008 240624s9999 xx 000 0 und d
041 _aeng
082 _a005.8 HEL
100 _aHELTON RICH
245 _aMASTERING JAVA SECURITY CRYPTOGRAPHY ALG
260 _c2002
_aNew Delhi
_bWiley Dreamtech India
300 _axvi, : 608
365 _cRS
999 _c940
_d940